=LDR 00000nam 2200000 4500 =001 NUTBA000000000001685 =005 20150305104549.0 =006 =007 =008 =020 ##$$a 978-979-24-1991-7 =035 ##$$0010-051400000000150 =040 ##$$a Ind =082 ##$$a 650 =090 ##$$a 650$bFri s =100 ##$$a Friendman, vincent =245 ##$$a Seeds of success$b20 Srtategi cerdas menggapai kesuksesan bisnis dan pribadi anda$cVincent friedman =250 ##$$a Cet.1 =260 ##$$a Jakarta$bPrestasi pustaka$c2007. =300 ##$$a Vi,446 Hlm$c21 cm. =850 ##$$a NBPNMAT =990 ##$$a 21007974 =990 ##$$a 21196502/BPAP-NTB/2014